|
|
|
|
| LEADER |
01022nab#a2200325#ar4500 |
| 001 |
000072944 |
| 003 |
SVKKK |
| 005 |
20030512xxxxxxx. |
| 008 |
06 c xo huno |
| FMT |
|
|
|
| 038 |
|
|
|a SVKKK
|
| 040 |
|
|
|a SVKKK
|b slo
|e AACR2
|
| 041 |
0 |
|
|a hun
|
| 044 |
|
|
|a xo
|c SK
|
| 080 |
|
|
|a 394.6
|
| 100 |
1 |
|
|a Barna, Ondrej
|4 aut
|
| 242 |
1 |
0 |
|a Zamyslenie sa nad dobročinným jarmokom
|
| 245 |
1 |
0 |
|a Emlékedés a jótékonysági vásárról
|c Ondrej Barna
|
| 500 |
|
|
|a Andor
|
| 500 |
|
|
|a mikrofilm
|
| 520 |
2 |
|
|a Zamyslenie sa nad poslaním dobročinného jarmoku, ktorý dňa 6. septembra 1908 usporiadala humenská sekcia Sanatórneho spolku arcikniežaťa Jozefa.
|
| 650 |
0 |
4 |
|a jarmoky - jarmok dobročinný - Humenné - 6.09.1908 - úvahy
|
| 773 |
0 |
|
|t Felvidéki Hirlap : Közgazdasági, társadalmi és szépirodalmi hetilap
|g Roč. 1, č. 27 (13.09.1908) s. 1 a 2
|
| 957 |
|
|
|a Humenné
|
| 958 |
|
|
|a DG
|
| 958 |
|
|
|a SK
|
| 974 |
|
|
|a Ba
|d 20030512
|
| 992 |
|
|
|a RBX
|
| BAS |
|
|
|
| 998 |
|
|
|a RETRO
|